|
|
|
|
| LEADER |
00000ny a22000003n 4500 |
| 005 |
20110512134816.0 |
| 008 |
841119c19849999gaufr p s gn 0 a0eng d |
| 022 |
0 |
|
|a 0890-7862
|
| 035 |
|
|
|a 4014
|
| 040 |
|
|
|a TxSaSM-L
|c TxSaSM-L
|d vLex
|
| 090 |
|
|
|c 1794
|d 1794
|
| 245 |
0 |
0 |
|a Bankruptcy developments journal
|h [Recurso electrn̤ico]
|
| 246 |
3 |
|
|a Emory bankruptcy developments journal
|
| 256 |
|
|
|a Servicio en ln̕ea
|
| 260 |
|
|
|a Atlanta, Ga. :
|b Emory University School of Law in cooperation with the Southeastern Bankruptcy Law Institute
|
| 310 |
|
|
|a Bianual
|
| 506 |
1 |
|
|a Contenido solo disponible en los productos indicados
|d vLex Global
|d vLex Global (Academic Edition, excluding Law Schools)
|d vLex Global (U.S. Academic Edition, excluding Law Schools)
|
| 650 |
0 |
4 |
|a Quiebra
|z Estados Unidos
|x Publicaciones perid̤icas
|
| 710 |
2 |
|
|a Emory University
|b School of Law
|
| 710 |
2 |
|
|a Southeastern Bankruptcy Law Institute
|
| 740 |
|
|
|a vLex Revista (Servicios en ln̕ea)
|
| 843 |
|
|
|a Electrn̤ica. Abierta
|
| 853 |
|
|
|8 1
|i (year)
|j (month)
|k (day)
|
| 856 |
4 |
0 |
|z Acceso restringido
|u http://vlex.com/account/login_ip?fuente_id=4014
|
| 942 |
|
|
|c REV
|
| 999 |
|
0 |
|a Bankruptcy
|z United States
|v Periodicals
|